Funkcia a postavenie režimu stavby pri realizácii investičného procesu záverečná práca postgraduálneho štúdia

Gespeichert in:
Bibliographische Detailangaben
1. Verfasser: Máčaj, Milan
Körperschaft: Vysoká škola ekonomická v Bratislave
Weitere Verfasser: Kubíček, P.
Format: Buch
Sprache:Slowakisch
Veröffentlicht: Bratislava 1987
Tags: Tag hinzufügen
Keine Tags, Fügen Sie das erste Tag hinzu!

MARC

LEADER 00000nam a2200000 4500
001 c037315
005 20221219094523.6
041 0 |a slo 
044 |a SK 
245 1 0 |a Funkcia a postavenie režimu stavby pri realizácii investičného procesu  |b záverečná práca postgraduálneho štúdia  |c Milan Máčaj ; Ved. práce P. Kubíček 
264 1 |a Bratislava  |c 1987 
300 |a 32 s. 
100 1 |a Máčaj, Milan 
700 1 |a Kubíček, P. 
710 2 |a Vysoká škola ekonomická v Bratislave